000 00765nam a22002297a 4500
001 3989
003 FISKH
005 20250826092147.0
008 240529b cb ||||| |||| 00| 0 eng d
020 _a9780545473620
040 _aFISKH
_beng
_cFISKH
_dFISKH
050 _aQH86.S455
082 _a578.734
100 _aSerafini, Frank
245 _aLooking closely in the rain forest
300 _a20 unnumbered pages :
_c23 X26 cm
505 _aK
520 _a"Through the magic of close-up photography, the author first asks the reader to identify an object found in a rain forest in a super-close-up picture, with the next page revealing the entire picture." - Librarything
521 8 _a580
_bLexile AD
521 8 _aK
_bRaz-Plus
942 _2ddc
_cBK
_n0
999 _c3989
_d3989